000 01168cam a2200301 a 4500
001 16666618
005 20170105102857.0
008 110225s2011 enk b 001 0 eng
010 _a 2011008721
020 _a9780199836741 (hbk. : acidfree paper)
020 _a0199836744 (hbk. : acidfree paper)
035 _a(OCoLC)ocn705351956
040 _aDLC
_cDLC
_dIG#
_dCDX
_dABG
_dVP@
_dMIX
_dDLC
050 0 0 _aBP130.4
_b.S376 2011
082 0 0 _a297.1/226
_222
100 0 _aZiauddin Sardar.
245 1 0 _aReading the Qur'an :
_bthe contemporary relevance of the sacred text of Islam /
_cZiauddin Sardar.
260 _aOxford ;
_aLondon :
_bHurst and company,
_cc2011.
300 _axxii, 406 p. ;
_c25 cm.
504 _aIncludes bibliographical references (p. 387-392) and index.
505 0 _aOverview -- By way of tradition -- Themes and concepts -- Contemporary topics.
630 0 0 _aQurʼan
_xCriticism, interpretation, etc.
630 0 0 _aQurʼan
_xAppreciation.
630 0 0 _aQurʼan
_xReading.
906 _a7
_bcbc
_corignew
_d1
_eecip
_f20
_gy-gencatlg
942 _2ddc
_cBK
999 _c14547
_d14547